000 00317nam a22001337a 4500
008 170503b xxu||||| |||| 00| 0 eng d
020 _a9780137686070
041 _aeng
080 _25TH
_a34
100 _a14
101 _aSHJ
245 _aLABOR RELATIONS AND COLLECTIVE BARGAINING
_cCARRELL, M.R
942 _2udc
_cBK
999 _c12604
_d12604